000
00237nam a22000857a 4500
008
160718b xxu||||| |||| 00| 0 eng d
100
_9
2980
_a
Dorling Kindersley
245
_a
Ultimate Visual Dictionary
260
_a
New York
_b
Dorling Kindersley
999
_c
2543
_d
2543